00695nam a2200181Ia 4500008004100000020001800041082002500059100001800084245007700102250001000179260004300189300001000232440006300242650004000305700003500345952011600380999001700496120622s9999 xx 000 0 und d a968-6581-66-9 a321.8 C961d v.1 1995 aSalazar, Luis aPrincipios y valores de la democracia / Luis Salazar y José Woldenberg a3a ed aMéxico : Instituto Federal Electoral a51 p. aCuadernos de divulgación de la cultura democrática ; 1 a1. DEMOCRACIA \ 2. CULTURA POLITICA aWoldenberg, José ; coaut.Ì 00102lcc4070a22b22d2007-01-25l1o321.8 C961D V.1 1995p01 002898r2023-07-20s2013-08-15w2012-06-24yLB c59139d59139